[Event "Famalicao op 10th"]
[Site "Vila Nova de Famalicao"]
[Date "2023.07.24"]
[Round "1"]
[White "Petkov, Vladimir"]
[Black "Freitas, Tomas Bernardo"]
[Result "1-0"]
[WhiteElo "2464"]
[BlackElo "1390"]
[PlyCount "55"]
[EventDate "2023.07.24"]
[EventType "swiss"]
[EventRounds "9"]
[EventCountry "POR"]
[SourceTitle "EXT 2024"]
[Source "ChessBase"]
[SourceDate "2023.10.10"]
[SourceVersion "1"]
[SourceVersionDate "2023.10.10"]
[SourceQuality "1"]

1. d4 d5 2. c4 e6 3. Nc3 Nf6 4. cxd5 exd5 5. Bg5 Be7 6. e3 0-0 7. Bd3 c6 8. Qc2 h6 9. Bh4 Re8 10. f3 Nbd7 11. Nge2 a5 12. 0-0 Nh5 13. Bxe7 Qxe7 14. e4 dxe4 15. fxe4 Nhf6 16. e5 Nd5 17. Nxd5 cxd5 18. Nf4 Nb6 19. Rf3 Be6 20. Raf1 Rac8 21. Qf2 Rc7 22. Rg3 Qd7 23. Nh5 Bg4 24. Nxg7 Kf8 25. Nxe8 Kxe8 26. h3 Be6 27. Rg8+ Ke7 28. Qf6# 1-0